| 000 | 01258nam a2200289 i 4500 | ||
|---|---|---|---|
| 003 | DO-SdBNP | ||
| 005 | 20230710111321.0 | ||
| 006 | a||||fr|||| 00| 0 | ||
| 007 | ta | ||
| 008 | 230706e19922001dr ad||| |||| 00| 0 spa d | ||
| 040 |
_aDO-SdBNP _bspa _cBNPHU _erda |
||
| 082 | 4 |
_222 _bP699d |
|
| 245 | 0 | 0 |
_aPlan decenal de educación 1992 - 2001: _bmanual de políticas y procedimientos para la apertura y cierre de centros educativos del sector privado. / _cElaborado por: Libertad Lopez, Carlos Ant. Duval M., Leonides Rodríguez Utañez, America R. Martínez, Margarita Granados |
| 264 | 1 |
_aSanto Domingo : _bNaciones Unidas para el Desarrollo, _c19992 - 2001 |
|
| 300 |
_a75 páginas : _bIlustraciones, gráficas ; _c27 cm |
||
| 336 |
_2rdaconten _atexto _btxt |
||
| 337 |
_2rdamedia _asin medición _bn |
||
| 338 |
_2rdacarrier _avolumen _bnc |
||
| 590 | _aInventariado 2023 / MF | ||
| 700 | 1 |
_aLópez, Libertad _983725 |
|
| 700 | 1 |
_aDuval M., Carlos Ant., _983726 |
|
| 700 | 1 |
_aRodríguez Utañez, Leonides _983727 |
|
| 700 | 1 |
_aMartínez, America R. _983728 |
|
| 700 | 1 |
_aGranado, Margarita _983729 |
|
| 710 | 1 |
_937470 _aRepública Dominicana. _bSecretaría de Estado de Educación, Bellas Artes y Cultos. _bPlan Decenal de Educación |
|
| 942 |
_2ddc _cLBS1 |
||
| 999 |
_c54128 _d54128 |
||